แสดงรายละเอียดบรรณานุกรม
  กลับหน้าหลัก

Brief Record : Get Marc (ISO 2709) : E-mail record : QR code ปิดหน้าต่าง
LEADER 00000nama 2200000uu 4500
008    040531s2549 th m m a000 0 tha d
020    974-8133-76-1
041    tha
050    วจ LB2430.T5 ก581
100    เกียรติบังอร จินดากุลและบุญเอิบ เขตต์สาคร
245    ความพึงพอใจของผู้ใช้บัณฑิตหลักสูตรพยาบาลศาสตรบัณฑิตและหลักสูตรพยาบาลศาสตรบัณฑิต(ต่อเนื่อง)ที่สำเร็จการศึกษา ปีพ.ศ.2545,2546และ2547 001
246    บุญเอิบ เขตต์สาคร
260    2549
300    90 หน้า
650    วิทยาลัยพยาบาลพระปกเกล้า--บัณฑิต--วิจัย
998    2007-01-30
รายการนี้ยังไม่มีแท็ก
คุณยังไม่ได้ล็อกอิน คุณสามารถมีกิจกรรมร่วมกับเว็บไซต์ได้ แต่ต้องล็อกอินก่อน ::
  ล็อกอิน
ลำดับที่ ประเภท เลขเรียก สถานที่ สถานะ
1. หนังสือทั่วไป
หนังสือทั่วไป
วจ LB2430.T5 ก581 2549  
  
หนังสือทั่วไป On Shelf
  ขอยืม
   [แสดง 1/1 รายการ]

BibComment


ยังไม่เคยถูกคอมเมนท์

คอมเมนท์ทรัพยากรรายการนี้
  คอมเมนท์: ความพึงพอใจของผู้..
Bib 193895

 
 
 

 Union Library Management : ULibM
Copyright 2026. All Rights Reserved.
скачать бесплатно без регистрации порно красивый секс HD Sex Hindi sex

xxx gou

xxxx

bfxxx

xxxwww

Секса Видео

xxxx

Секса Видео

detube

geilexxx

C99 Shell

worms shell

blod xxx video
Ebony Coed Rihanna Rimes Takes A Dick In Her Young Twat priyaa indian fuck anal and pusssy hardcore indian women xxx desi hardcore fucking part 1 bengalixxxcouple